|
|
|
|
| LEADER |
00906nam a2200241 a 4500 |
| 001 |
13341652 |
| 008 |
091121s2004 njua b 001 0 eng d |
| 010 |
|
|
|a \\2003062447
|
| 020 |
|
|
|a 0131441728
|
| 040 |
|
|
|a DLC
|c DLC
|d DLC
|
| 082 |
0 |
0 |
|a 330
|2 22
|
| 100 |
1 |
|
|a Case, Karl E.
|
| 245 |
1 |
0 |
|a Principles of economics /
|c Karl E. Case, Ray C. Fair.
|
| 250 |
|
|
|a 7th ed.
|
| 260 |
|
|
|a Upper Saddle River, NJ :
|b Pearson/Prentice Hall,
|c c2004.
|
| 300 |
|
|
|a 1 v. (various pagings) :
|b col. ill. ;
|c 28 cm.
|
| 504 |
|
|
|a Includes bibliographical references and index.
|
| 541 |
1 |
|
|e 00014301
|
| 650 |
|
0 |
|a Economics.
|
| 700 |
1 |
|
|a Fair, Ray C.
|
| 852 |
4 |
|
|a Ayesha Abed Library
|j General shelf
|
| 999 |
|
|
|c 5743
|d 5743
|
| 952 |
|
|
|0 0
|1 0
|2 ddc
|4 1
|6 330_000000000000000_CAS
|7 0
|9 5695
|a BRACUL
|b BRACUL
|c SPS
|d 2009-11-22
|g 0.00
|l 2
|m 4
|o 330 CAS
|p 3010014302
|r 2013-11-02
|s 2013-10-02
|t 1
|w 2009-11-22
|y BK
|x No price found in the accession register.
|